000 00652nam a2200277Ia 4500
005 20260324143529.0
008 008 260324s9999 xx 000 0 eng d
020 _a9781315807881
037 _aEBOOK
040 _aCRL
040 _beng
040 _cCRL
041 _2eng
041 _aeng
084 _qCRL
100 _aRobert C. Bolles; Robert Bolles; Robert Bolles
_91215967
245 0 _aHedonics of Taste
260 _bTaylor and Francis
260 _c1991
365 _a
365 _b230
856 _uhttp://www.taylorfrancis.com/books/9781315807881
942 _cEBOOK
999 _c1821487
_d1821487